[Event "HUN-chT2 Breyer 1011"]
[Site "Hungary"]
[Date "2010.10.10"]
[Round "3.3"]
[White "Dibusz, Ferenc"]
[Black "Cuibus, Janos"]
[Result "0-1"]
[WhiteElo "2197"]
[BlackElo "2185"]
[PlyCount "62"]
[EventDate "2010.09.12"]
[EventType "team-tourn"]
[EventRounds "11"]
[EventCountry "HUN"]
[SourceTitle "EXT 2012"]
[Source "ChessBase"]
[SourceDate "2011.11.24"]
[SourceVersion "1"]
[SourceVersionDate "2011.11.24"]
[SourceQuality "1"]
[WhiteTeam "Geniusz Tata"]
[BlackTeam "MAFC"]
[WhiteTeamCountry "HUN"]
[BlackTeamCountry "HUN"]

1. d4 f5 2. g4 fxg4 3. e4 d6 4. h3 Nf6 5. Nc3 e5 6. hxg4 Bxg4 7. f3 exd4 8. fxg4 dxc3 9. g5 Nfd7 10. g6 Qf6 11. Rb1 Qxg6 12. Qe2 Nc5 13. Be3 Nbd7 14. Bh3 Be7 15. Bf5 Qf7 16. bxc3 Qxa2 17. Rd1 Bf6 18. Nf3 Bxc3+ 19. Kf2 Qa6 20. Bxd7+ Nxd7 21. Rd3 Bf6 22. Rh5 0-0-0 23. Qd2 b6 24. Qb4 c5 25. Qd2 Ne5 26. Nxe5 dxe5 27. Rd5 Qc4 28. Rd6 Qxe4 29. Rh3 Rhf8 30. Rxd8+ Bxd8+ 31. Ke1 Bh4+ 0-1

[Event "HUN-chT2 Breyer 1011"]
[Site "Hungary"]
[Date "2010.09.26"]
[Round "2.2"]
[White "Ress, Tamas"]
[Black "Cuibus, Janos"]
[Result "1-0"]
[WhiteElo "2223"]
[BlackElo "2185"]
[PlyCount "51"]
[EventDate "2010.09.12"]
[EventType "team-tourn"]
[EventRounds "11"]
[EventCountry "HUN"]
[SourceTitle "EXT 2012"]
[Source "ChessBase"]
[SourceDate "2011.11.24"]
[SourceVersion "1"]
[SourceVersionDate "2011.11.24"]
[SourceQuality "1"]
[WhiteTeam "Gyor Elektromos"]
[BlackTeam "MAFC"]
[WhiteTeamCountry "HUN"]
[BlackTeamCountry "HUN"]

1. d4 f5 2. e4 fxe4 3. Nc3 Nf6 4. Bg5 Nc6 5. d5 Ne5 6. Qd4 Nf7 7. Bxf6 exf6 8. Nxe4 Be7 9. Bc4 d6 10. 0-0-0 0-0 11. f4 f5 12. Nc3 Bf6 13. Qd2 Bd7 14. Nf3 b5 15. Nxb5 Bxb5 16. Bxb5 Qb8 17. c4 Qb6 18. Rhe1 Rab8 19. Nd4 a6 20. Ba4 Qc5 21. Bb3 Nd8 22. Re3 a5 23. h3 a4 24. Bxa4 Qxc4+ 25. Qc2 Qxa2 26. Ra3 1-0

[Event "HUN-chT"]
[Site "Hungary"]
[Date "1991.??.??"]
[Round "?"]
[White "Gyurkovics, Miklos"]
[Black "Cuibus, Janos"]
[Result "0-1"]
[WhiteElo "2285"]
[BlackElo "2230"]
[PlyCount "52"]
[EventDate "1991.??.??"]
[EventType "team"]
[EventRounds "9"]
[EventCountry "HUN"]
[SourceTitle "TD"]
[Source "ChessBase"]
[SourceDate "1994.03.01"]
[SourceVersion "1"]
[SourceVersionDate "1994.03.01"]
[SourceQuality "1"]

1. c4 f5 2. d4 Nf6 3. g3 e6 4. Bg2 Be7 5. Nh3 0-0 6. 0-0 d6 7. b3 e5 8. Bb2 exd4 9. Qxd4 Nc6 10. Qd1 Ne4 11. Nc3 Bf6 12. Nxe4 Bxb2 13. Rb1 Be5 14. Neg5 Qe7 15. b4 Bf6 16. f4 h6 17. Bd5+ Kh8 18. e4 g6 19. exf5 Qe3+ 20. Kg2 hxg5 21. Rb3 Qd4 22. Rd3 Qb2+ 23. Rf2 Qxb4 24. fxg5 Bxg5 25. Nxg5 Bxf5 26. Rf4 Kg7 0-1